Т. 3; Ресурсоэффективные системы в управлении и контроле: взгляд в будущее

Bibliografiske detaljer
Parent link:Ресурсоэффективные системы в управлении и контроле: взгляд в будущее: сборник научных трудов I Всероссийской конференции школьников, студентов, аспирантов, молодых ученых, 8-11 октября 2012 г., г. Томск/ Национальный исследовательский Томский политехнический университет (ТПУ). Т. 3.— , 2012
Summary:В сборнике представлены материалы I Всероссийской конференции школьников, студентов, аспирантов, молодых ученых «Ресурсоэффективные системы в управлении и контроле: взгляд в будущее». Более 200 авторов из 41 учреждения представили тезисы своих докладов, в которых рассматриваются актуальные проблемы неразрушающего контроля и технической диагностики, внедрения систем менеджмента, качества образования, управления в современной экономике. Материалы предназначены для специалистов, преподавателей, аспирантов и студентов вузов, а также для всех интересующихся проблемами ресурсоэффективных технологий.
Sprog:russisk
Udgivet: 2012
Fag:
Format: Bog
KOHA link:https://koha.lib.tpu.ru/cgi-bin/koha/opac-detail.pl?biblionumber=247891

MARC

LEADER 00000nam2a2200000 4500
001 247891
005 20231101232335.0
035 |a (RuTPU)RU\TPU\book\269512 
035 |a RU\TPU\book\269510 
090 |a 247891 
100 |a 20140115d2012 k y0rusy50 ca 
101 0 |a rus 
102 |a RU 
105 |a a z 101zy 
200 0 |a Т. 3 
210 |d 2012 
215 |a 276 с.  |c ил. 
320 |a Библиография в конце докладов. 
330 |a В сборнике представлены материалы I Всероссийской конференции школьников, студентов, аспирантов, молодых ученых «Ресурсоэффективные системы в управлении и контроле: взгляд в будущее». Более 200 авторов из 41 учреждения представили тезисы своих докладов, в которых рассматриваются актуальные проблемы неразрушающего контроля и технической диагностики, внедрения систем менеджмента, качества образования, управления в современной экономике. Материалы предназначены для специалистов, преподавателей, аспирантов и студентов вузов, а также для всех интересующихся проблемами ресурсоэффективных технологий. 
461 1 |0 (RuTPU)RU\TPU\book\270730  |t Ресурсоэффективные системы в управлении и контроле: взгляд в будущее  |o сборник научных трудов I Всероссийской конференции школьников, студентов, аспирантов, молодых ученых, 8-11 октября 2012 г., г. Томск  |o в 3 т.  |f Национальный исследовательский Томский политехнический университет (ТПУ)  |v Т. 3  |d 2012 
606 1 |a Качество продукции  |x Управление  |2 stltpush  |3 (RuTPU)RU\TPU\subj\14180  |9 40640 
610 1 |a контроль 
610 1 |a образовательные технологии 
610 1 |a английский язык 
610 1 |a говорение 
610 1 |a идеальные университеты 
610 1 |a образовательные учреждения 
610 1 |a аудит 
610 1 |a электронные учебники 
610 1 |a разработка 
610 1 |a дистанционное образование 
610 1 |a высшая школа 
610 1 |a образовательный процесс 
610 1 |a информационные системы 
610 1 |a мобильные классы 
610 1 |a преподавание 
610 1 |a мультимедийные технологии 
610 1 |a инновации 
610 1 |a аутсорсинг 
610 1 |a ЕГЭ 
610 1 |a Единый государственный экзамен 
610 1 |a головоломки 
610 1 |a экономика 
610 1 |a предпринимательство 
610 1 |a импорт 
610 1 |a проектные риски 
610 1 |a экологический менеджмент 
610 1 |a рационализаторская деятельность 
610 1 |a труд 
610 1 |a мотивация 
610 1 |a конференции 
610 1 |a труды учёных ТПУ 
675 |a 658.62.018.012(063)  |v 3 
801 1 |a RU  |b 63413507  |c 20140115 
801 2 |a RU  |b 63413507  |c 20140129  |g RCR 
942 |c BK